Belize by Picture - Statistics

General Stats
  • This quiz has been taken 56 times
  • The average score is 6 of 10
Answer Stats
Picture Hint Answer % Correct
(colonizer) United Kingdom
93%
Jaguar
88%
(civilization) The Maya
88%
(city) Belize City
80%
(city) Belmopan
80%
Great Blue Hole
73%
(food) Tamales
46%
(ethnic group) Garifuna
29%
(island) Caye Caulker
27%
(food) Garnaches
15%
No matching quizzes found
Score Distribution
Percent of People with Each Score
Percentile by Number Answered
Your Score History
You have not taken this quiz